Musik Quiz - Statistiken

Allgemein
  • Dieses Quiz wurde 78 mal gespielt
  • Das Durchschnittsergebnis liegt bei 2 aus 11
Antwortstatistiken
Antwort % Korrekt
Melody
70%
Vocals
62%
Bass
46%
Snare
17%
Hi Hat
15%
808
13%
Kick
11%
Clap
4%
Percussion
4%
Crash
1%
Open Hat
1%
Keine übereinstimmenden Quizze gefunden
Verteilung der Resultate
Anzahl Personen mit jedem Resultat
Perzentil nach korrekt beantworteten Fragen
Ihre Resultats-Entwicklung
Sie haben dieses Quiz noch nicht gespielt